| 000 | 00658nam a22002057a 4500 | ||
|---|---|---|---|
| 999 |
_c9536 _d9536 |
||
| 003 | AR-CdUCM | ||
| 008 | 190328b ||||| |||| 00| 0 spa d | ||
| 020 | _a978-84-683-0859-3 | ||
| 040 |
_aMUNICIPALIDAD PROVINCIAL DEL CUSCO _cBIBLIOTECA MUNICIPAL DEL CUSCO |
||
| 082 |
_aSI-0085 / _bLOZ / rin |
||
| 100 |
_aLozano Carbayo, Pilar _925807 |
||
| 245 |
_aRino detective : _by el misterio de la piscina roja / |
||
| 260 |
_aBarcelona : _bEdebé, _c2013. |
||
| 300 |
_a45 páginas ; _bIlustraciones. _c22 cm. |
||
| 650 |
_aLiteratura infantil _9588 |
||
| 650 |
_aSiglo XXI _92856 |
||
| 700 |
_aRodriguez, Alejandro _925808 |
||
| 942 |
_2ddc _cLIBROS |
||
| 945 | _aafb | ||